000 01033 a2200457 4500
000 BKB
001 135658
005 20200902152857.0
008
010 _a
020 _a9780521005524
082 _a155.82
_bP94P
100 _aThe psychology of cultural experience
110 _a
245 1 _aThe psychology of cultural experience
_cedited by Carmell C. Moore and Holly F. Mathews
250 _a
260 _aCambridge
_bCambridge University Press
_c2001
300 _a247p.
490 _a
_v
500 _a
600 _a
610 _a
611 _a
630 _a
650 _a
651 _a
654 _a
690 _aEthnopsychology; Personality and culture; Individualism
700 _aMoore, Carmell C. ed.
_b
_c
700 _aMathews, Holly F. ed.
710 _a
_b
_c
711 _a
720 _a
730 _a
740 _a
752 _a
856 _a
_d
_f
904 _a
964 _a
_b
_c
_d
_e
_f
_g
965 _a
999 _c8963
_d8963